| 000 | 01233nab a2200241 a 4500 | ||
|---|---|---|---|
| 003 | DO-SdBNP | ||
| 005 | 20250502085655.0 | ||
| 007 | ta | ||
| 008 | 250502e2018 dr q||||r||||||0| | spa d | ||
| 040 |
_aDO-SdBNP _bspa _cBNPHU _erda |
||
| 041 | _hspa | ||
| 245 | _aLa historia de nuestras bibliotecas. | ||
| 264 |
_aBarahona Provincia, República Dominicana : _b[editor no identificado], _c2018. |
||
| 300 | _apaginas: 22-29. | ||
| 336 |
_atexto _btxt _2rdacontent |
||
| 337 |
_asin mediación _bn _2rdamedia |
||
| 338 |
_avolumen _bnc _2rdacarrier |
||
| 362 | _aAño 1, Núm 3, septiembre-diciembre 2018. | ||
| 520 | _aHay en Barahona una red de bibliotecas públicas, privadas e individuales, que atienden una amplia gama del conocimiento. Un gran empuje se ha recibido con la biblioteca del Centro Universitario de la Región Suroeste (Curso) y más reciente con la de UCATEBA. Ambas han sido dotadas de una actualizada bibliografía, mobiliario cómodo y moderno, así como apropiados equipos tecnológicos de consulta. | ||
| 650 | 0 |
_aBiblioteca _97843 _vPublicaciones periódicas _xHistoria _zBarahona, República Dominicana |
|
| 773 | 0 |
_058884 _9323568 _aGómez, Wilson _o2025-3885 _tAquí Barahona : _w524579 |
|
| 942 |
_2ddc _cISSUE |
||
| 999 |
_c58910 _d58910 |
||